[Event "Oceania Zonal"]
[Site "Rotorua NZL"]
[Date "2011.01.28"]
[Round "5.10"]
[White "Zulfic,F"]
[Black "Johnson,Q"]
[Result "0-1"]
[WhiteElo "2024"]
[BlackElo "2128"]

1.d4 Nf6 2.c4 e6 3.Nc3 Bb4 4.f3 d5 5.a3 Be7 6.e4 dxe4 7.fxe4 e5 8.d5 O-O
9.Nf3 Bg4 10.Be2 Nbd7 11.b4 a5 12.Rb1 axb4 13.axb4 b6 14.O-O Nh5 15.Nxe5 Bxe2
16.Qxe2 Nxe5 17.Qxh5 Nxc4 18.Rf3 g6 19.Qh6 f6 20.Bf4 Bd6 21.Ne2 Qe7 22.Bxd6 Nxd6
23.Rbf1 Nxe4 24.Nf4 Nd2 25.Rg3 g5 26.Rd1 Rf7 27.Ne6 Ne4 28.Rf3 c6 29.Rfd3 cxd5
30.Rxd5 Re8 31.Nd8 Nc3 32.h4 Nxd5 33.Nxf7 Qxf7 34.hxg5 Ne3 35.Rc1 Nc4 36.Qh3 f5
37.Qg3 Qe6 38.g6 hxg6 39.Kh1 Qe3 40.Qc7 Qxc1+  0-1

[Event "Oceania Zonal"]
[Site "Rotorua NZL"]
[Date "2011.01.28"]
[Round "6.5"]
[White "Ansell,A"]
[Black "Xie,G"]
[Result "1/2-1/2"]
[WhiteElo "2001"]
[BlackElo "2478"]

1.d4 e6 2.c4 Nf6 3.Nc3 Bb4 4.f3 d5 5.a3 Bxc3+ 6.bxc3 c5 7.cxd5 Nxd5 8.dxc5 f5
9.Nh3 O-O 10.Nf4 Nc6 11.Nxd5 exd5 12.e3 Be6 13.Bb5 Rc8 14.O-O Qe7 15.Bxc6 Rxc6
16.Qd4 Rfc8 17.a4 Qxc5 18.Bd2 b6 19.Rfb1 Qxd4 20.exd4 a6 21.Rb3 Bd7 22.Rab1 Rb8
23.Bf4 Rb7 24.a5 b5 25.Re1 Kf7 26.Bg5 Rc8 27.Bf4 Rc6 28.Bg5 h6 29.Be7 Rbc7
30.Bb4 f4 31.Rb2 Rxc3 32.Bxc3 Rxc3 33.Rbe2 Rc7 34.Re7+ Kf8 35.R7e5 b4 36.Rxd5 b3
37.Rb1 Be6 38.Rd6 Bc4 39.Rb6 Rd7 40.R6xb3 Bxb3 41.Rxb3 Rd5 42.Rb8+ Kf7 43.Rb7+ Kg8
44.Rb8+ Kh7 45.Rb6 Rxa5 46.d5 Kg8 47.d6 Kf7 48.d7 Ke7 49.Rd6 Kd8 50.g3 Ra2
51.gxf4 a5 52.Rg6 Ra4 53.Rxg7 Rxf4 54.Rg6 Rh4 55.Ra6 Ra4  1/2-1/2

[Event "Belgrade Individual 2011"]
[Site "Belgrade SRB"]
[Date "2011.01.30"]
[Round "9.6"]
[White "Spiric,I"]
[Black "Lajthajm,B"]
[Result "0-1"]
[WhiteElo "2280"]
[BlackElo "2477"]

1.d4 Nf6 2.c4 e6 3.Nc3 Bb4 4.f3 O-O 5.e4 c5 6.d5 exd5 7.cxd5 Re8 8.a3 Bxc3+
9.bxc3 d6 10.Bb5 Nbd7 11.Ne2 a6 12.Bxd7 Bxd7 13.Bf4 Bb5 14.Ng3 Nd7 15.Qd2 Qf6
16.a4 Bc4 17.h4 Bxd5 18.Kf2 Bc6 19.Nf5 h6 20.Rh3 Ne5 21.Rg3 Ng6 22.h5 Bxe4
23.fxe4 Rxe4 24.hxg6 Qxf5 25.gxf7+ Qxf7 26.Rf3 Qc4 27.Qxd6 Rf8 28.Be5 Rxf3+
29.gxf3 Qe2+ 30.Kg3 Rxe5 31.Rd1 Rg5+ 32.Kf4 Qc4+ 33.Ke3 Qxc3+ 34.Kf4 b5 35.axb5 axb5
36.Qd8+ Kh7 37.Qd6 c4  0-1

[Event "Moscow Open E"]
[Site "Moscow RUS"]
[Date "2011.02.05"]
[Round "8"]
[White "Belous,V"]
[Black "Lenderman,A"]
[Result "1-0"]
[WhiteElo "2497"]
[BlackElo "2549"]

1.d4 Nf6 2.c4 e6 3.Nc3 Bb4 4.f3 c5 5.d5 O-O 6.e4 Re8 7.Ne2 exd5 8.cxd5 d6
9.Ng3 Qe7 10.Be2 h5 11.O-O h4 12.Nh1 Qe5 13.Bd2 Nh5 14.f4 Qd4+ 15.Rf2 Nf6
16.Bf3 Bd7 17.Qe2 c4 18.Rd1 Qd3 19.Qe1 Ng4 20.Nb5 Bc5 21.Nc7 Na6 22.Nxa8 Nxf2
23.Nxf2 Rxa8 24.Qf1 Qxf1+ 25.Kxf1 Nb4 26.e5 Ba4 27.Rc1 Bb5 28.Be2 Nxa2 29.Rxc4 Bxc4
30.Bxc4 Nb4 31.Ne4 Nc2 32.Nxc5 dxc5 33.d6 Nd4 34.Be3 g6 35.b4 b6 36.Bxd4 cxd4
37.b5 d3 38.Ke1 Rc8 39.e6 Kf8 40.e7+ Ke8 41.Bd5 Kd7 42.Bxf7  1-0

[Event "TCh-BEL 2010-11"]
[Site "Charleroi BEL"]
[Date "2011.02.06"]
[Round "8.2"]
[White "Brunner,N"]
[Black "Houriez,C"]
[Result "1/2-1/2"]
[WhiteElo "2462"]
[BlackElo "2256"]

1.d4 Nf6 2.c4 e6 3.Nc3 Bb4 4.f3 Nc6 5.e4 d5 6.cxd5 exd5 7.e5 Ng8 8.Be3 Nge7
9.f4 O-O 10.Nf3 f6 11.Be2 Be6 12.O-O Qd7 13.Na4 fxe5 14.fxe5 Ng6 15.a3 Be7
16.b4 Nf4 17.Bxf4 Rxf4 18.b5 Nd8 19.Qd2 Rf8 20.Rac1 Bg4 21.Nc5 Bxc5 22.dxc5 Bxf3
23.Bxf3 c6 24.Rb1 Qe7 25.bxc6 bxc6 26.Qd4 Ne6 27.Qa4 Ng5  1/2-1/2

[Event "ch-TUR"]
[Site "Kemer-Antalya TUR"]
[Date "2011.02.06"]
[Round "2"]
[White "Ererdem,G"]
[Black "Emiroglu,C"]
[Result "0-1"]
[WhiteElo "1944"]
[BlackElo "2176"]

1.d4 Nf6 2.c4 e6 3.Nc3 Bb4 4.f3 d5 5.a3 Bxc3+ 6.bxc3 c5 7.e3 Nc6 8.Bd3 e5
9.cxd5 Nxd5 10.Ne2 cxd4 11.cxd4 exd4 12.Nxd4 Nxd4 13.Be4 Nxf3+ 14.Qxf3 Nc3
15.Bc2 Qh4+ 16.g3 Qc4 17.Qf1 Qc6 18.e4 O-O 19.Qd3 Bf5 20.O-O Bxe4 21.Qd2 Rad8
22.Bxe4 Nxe4 23.Qe3 Rfe8 24.Qf3 Qd5 25.Bf4 Nf6 26.Qf2 Qd4 27.Rfd1 Qxf2+ 28.Kxf2 Nd5
29.Rac1 f6 30.Bc7 Rd7 31.Ba5 b6 32.Be1 Red8 33.a4 Ne7 34.Rxd7 Rxd7 35.a5 bxa5
36.Rc5 Kf7 37.Bxa5 Rd5 38.Rxd5 Nxd5 39.Kf3 Ke6 40.Ke4 Ne7 41.g4 Nc6 42.Bc3 g6
43.h4 Ne5 44.Kf4 Nc6 45.Ke4 a5 46.h5 g5  0-1

[Event "TCh-FIN 2010-11"]
[Site "Joensuu FIN"]
[Date "2011.02.12"]
[Round "6.3"]
[White "Palliser,R"]
[Black "Jouhki,Y"]
[Result "1-0"]
[WhiteElo "2445"]
[BlackElo "2292"]

1.d4 Nf6 2.c4 e6 3.Nc3 Bb4 4.f3 O-O 5.a3 Bxc3+ 6.bxc3 d6 7.e4 Nfd7 8.Bd3 Nc6
9.h4 e5 10.Ne2 Nb6 11.Rb1 Qe8 12.g4 Na5 13.c5 dxc5 14.Rb5 Nc6 15.Rxc5 Qe7
16.Be3 Nd7 17.Rb5 a6 18.Rb1 Qxa3 19.Kf2 Ne7 20.h5 Qd6 21.Ng3 Kh8 22.Be2 b5
23.c4 bxc4 24.Bxc4 Nb6 25.Bb3 Nc6 26.dxe5 Qa3 27.Bd5 Rd8 28.Bxc6 Rxd1 29.Rhxd1 Bb7
30.Bxb7 Rb8 31.Bd5 Qf8 32.Nf5 h6 33.e6 fxe6 34.Bxe6 c6 35.Bf4 Rd8 36.Be5 Rxd1
37.Rxd1 Qe8 38.Nxg7 Qf8 39.Ne8+ Kh7 40.Nf6+  1-0

[Event "Aeroflot Open B"]
[Site "Moscow RUS"]
[Date "2011.02.12"]
[Round "5"]
[White "Belous,V"]
[Black "Dimakiling,O"]
[Result "1-0"]
[WhiteElo "2497"]
[BlackElo "2432"]

1.d4 Nf6 2.c4 e6 3.Nc3 Bb4 4.f3 O-O 5.e4 d6 6.Ne2 c5 7.d5 b5 8.Ng3 bxc4 9.Bxc4 Ba6
10.Bxa6 Nxa6 11.O-O Nc7 12.dxe6 fxe6 13.Bf4 c4 14.Kh1 Qd7 15.Bg5 d5 16.Rc1 Rae8
17.Nce2 Na6 18.Qd4 Nc5 19.Nf4 dxe4 20.Bxf6 gxf6 21.Rxc4 Qxd4 22.Rxd4 a5 23.a3 e5
24.axb4 exd4 25.bxc5 e3 26.Nd3 Rb8 27.Ne2 Rb3 28.Rd1 a4 29.Nxd4 Rbb8 30.Kg1 a3
31.bxa3 Rfd8 32.Ne1 Rb2 33.c6 Rd2 34.c7 Rc8 35.Rb1 Rxc7 36.Nf5 Rc3 37.Ng3 Ra2
38.Rd1 Rcxa3 39.h3 Kf7 40.Rd3 Ke6 41.Rxa3 Rxa3 42.Nc2 Rc3 43.Ne2 Rc8 44.Nxe3 Ra8
45.Nf4+ Ke5 46.Nh5 f5 47.Ng3 Ra1+ 48.Kh2 f4 49.Ng4+ Ke6 50.Nh5 Kf5 51.Ng7+ Kg6
52.Ne6 Ra4 53.Nf2 Kf5 54.Nd3 h5 55.h4  1-0

[Event "ch-ROU Men"]
[Site "Sarata Monteoru ROU"]
[Date "2011.02.12"]
[Round "1.22"]
[White "Posedaru,B"]
[Black "Toculet,G"]
[Result "1-0"]
[WhiteElo "2322"]
[BlackElo "1856"]

1.d4 Nf6 2.c4 e6 3.Nc3 Bb4 4.f3 O-O 5.a3 Bxc3+ 6.bxc3 c5 7.e4 d6 8.Bd3 Nc6
9.Ne2 e5 10.O-O h6 11.d5 Ne7 12.f4 Bg4 13.Qe1 Bxe2 14.Qxe2 exf4 15.e5 dxe5
16.Qxe5 Qa5 17.Qxe7 Qxc3 18.Qe2 Rfe8 19.Bb2 Qb3 20.Qc2 Qb6 21.Rxf4  1-0

[Event "ch-ROU Men"]
[Site "Sarata Monteoru ROU"]
[Date "2011.02.13"]
[Round "2.23"]
[White "Stanciu,Al"]
[Black "Bida,M"]
[Result "0-1"]
[WhiteElo "2297"]
[BlackElo "2024"]

1.d4 Nf6 2.c4 e6 3.Nc3 Bb4 4.f3 d5 5.a3 Bxc3+ 6.bxc3 c5 7.cxd5 Nxd5 8.dxc5 Qa5
9.e4 Ne7 10.Be3 O-O 11.Qb3 Qc7 12.Bb5 Nec6 13.Rd1 e5 14.Rd6 Be6 15.Rxe6 fxe6
16.Qxe6+ Kh8 17.Nh3 Nd7 18.Ng5 Nf6 19.O-O h6 20.Qh3 Qc8 21.Qh4 Nh7 22.Nh3 Qd8
23.Qg3 Qe7 24.f4 Nf6 25.Bd3 Rad8 26.Bc2 Nh5 27.Qg6 Qf7 28.Qxf7 Rxf7 29.f5 g5
30.Nf2 Kg7 31.Bb3 Rc7 32.Bd5 Nf6 33.c4 Nb8 34.Nd3 Nbd7 35.Rb1 Rb8 36.h3 Nh5
37.Rb5 Nf4 38.Nc1 a6 39.Rb2 Nxc5 40.Bxf4 gxf4 41.Rb6 Rf8 42.Rg6+ Kh7 43.Ne2 Rg7
44.Rxg7+ Kxg7 45.Kf2  0-1

[Event "Aeroflot Open B"]
[Site "Moscow RUS"]
[Date "2011.02.14"]
[Round "7"]
[White "Belous,V"]
[Black "Lenderman,A"]
[Result "1-0"]
[WhiteElo "2497"]
[BlackElo "2549"]

1.d4 Nf6 2.c4 e6 3.Nc3 Bb4 4.f3 d5 5.a3 Bd6 6.Bg5 h6 7.Bh4 Be7 8.e3 Nbd7
9.Bg3 O-O 10.c5 c6 11.Bd3 b6 12.b4 bxc5 13.bxc5 Qa5 14.Ne2 Ba6 15.O-O Bxd3
16.Qxd3 e5 17.Rfb1 Rfe8 18.Be1 Qc7 19.Na4 Qc8 20.Ng3 Bf8 21.Nc3 g6 22.Bf2 h5
23.Re1 h4 24.Nf1 h3 25.g4 e4 26.Qe2 exf3 27.Qxf3 Rb8 28.Rab1 Qa6 29.g5 Qd3
30.gxf6 Qxc3 31.Bg3 Rb2 32.Rxb2 Qxb2 33.Bh4 Re6 34.Re2 Qxa3 35.Bg5 Qd3 36.Rf2 a5
37.Qxh3 Nxc5 38.dxc5 Qc3 39.Rf4 Re5 40.Qg3 Qa1 41.Rf3 Bxc5 42.Bh6 Kh7 43.Bg7 Bd6
44.Qg4 Rh5 45.Rh3 Bxh2+ 46.Rxh2 Rxh2 47.Kxh2 Qb2+ 48.Kh1 Qe5 49.Ng3 Qa1+
50.Kh2 Qb2+ 51.Kh3 Qb4 52.e4  1-0

[Event "ch-ROU Men"]
[Site "Sarata Monteoru ROU"]
[Date "2011.02.15"]
[Round "5.17"]
[White "Pop,A"]
[Black "Anton,T"]
[Result "0-1"]
[WhiteElo "2137"]
[BlackElo "2316"]

1.d4 Nf6 2.c4 e6 3.Nc3 Bb4 4.f3 O-O 5.a3 Bxc3+ 6.bxc3 Ne8 7.e3 b6 8.Bd3 c5
9.dxc5 Qc7 10.cxb6 axb6 11.Ne2 Ba6 12.O-O Nc6 13.e4 Ne5 14.Bf4 Qc5+ 15.Rf2 d6
16.Bxe5 dxe5 17.Qb3 Nd6 18.Qb4 Qc6 19.Rb1 Rfd8 20.Qxb6 Qxb6 21.Rxb6 Nc8 22.Rxa6 Rxa6
23.Nc1 Rxa3 24.Rc2 Nb6 25.c5 Na4  0-1

[Event "ch-ROU Men"]
[Site "Sarata Monteoru ROU"]
[Date "2011.02.16"]
[Round "6.4"]
[White "Petrisor,A"]
[Black "Parligras,M"]
[Result "0-1"]
[WhiteElo "2386"]
[BlackElo "2594"]

1.d4 Nf6 2.c4 e6 3.Nc3 Bb4 4.f3 c5 5.d5 O-O 6.e4 Re8 7.Ne2 d6 8.a3 Ba5 9.Bg5 exd5
10.cxd5 Nbd7 11.Ng3 Nxe4 12.Bxd8 Nxc3+ 13.Kd2 Nxd1+ 14.Bxa5 Ne3 15.Re1 Nxf1+
16.Rhxf1 Re5 17.Rxe5 dxe5 18.Bc7 b6 19.Re1 Bb7 20.Nf5 f6 21.f4 g6 22.Ne7+ Kf7
23.Nc6 Bxc6 24.dxc6 Nb8 25.Bxb8 Rxb8 26.fxe5 Rc8 27.exf6 Kxf6 28.Kc3 Rxc6
29.Kc4 Rd6 30.Re2 a6 31.b4 Rd4+ 32.Kc3 b5 33.bxc5 Rc4+ 34.Kd3 Rxc5 35.Kd4 Rc4+
36.Kd5 Kg5 37.Re3 h5 38.Rg3+ Kh6 39.Re3 Rc2 40.Rg3 h4 41.Rg4 Kh5 42.h3 Ra2
43.g3 g5 44.Kd4  0-1

[Event "ch-ROU Men"]
[Site "Sarata Monteoru ROU"]
[Date "2011.02.17"]
[Round "7.16"]
[White "Posedaru,B"]
[Black "Stegariu,V"]
[Result "1-0"]
[WhiteElo "2322"]
[BlackElo "2195"]

1.d4 Nf6 2.c4 e6 3.Nc3 Bb4 4.f3 O-O 5.a3 Bxc3+ 6.bxc3 Ne8 7.e4 b6 8.Bd3 Nc6
9.e5 Na5 10.Qe2 f5 11.exf6 Nxf6 12.Bg5 Ba6 13.Nh3 c5 14.O-O Qc8 15.Bxf6 Rxf6
16.Ng5 g6 17.d5 Qf8 18.dxe6 dxe6 19.Rfe1 Qe7 20.Qe4 Rd8 21.Rad1 e5 22.Qh4 h5
23.f4 Rfd6 24.Rxe5 Qf6 25.Qg3 Bb7 26.Qe3 Bc6 27.Ne4 Bxe4 28.Qxe4 Nc6 29.Re1 Qf7
30.Rg5 Kg7 31.f5 Ne7 32.fxg6 Nxg6 33.Qe5+ Kg8 34.Bxg6 Rxg6 35.Qg3  1-0

[Event "16th Lienz-Open 2011"]
[Site "Lienz AUT"]
[Date "2011.02.19"]
[Round "9"]
[White "Wiedermann,D"]
[Black "Schmittdiel,E"]
[Result "0-1"]
[WhiteElo "2188"]
[BlackElo "2492"]

1.d4 Nf6 2.c4 e6 3.Nc3 Bb4 4.f3 c5 5.d5 d6 6.e4 a6 7.Ne2 exd5 8.cxd5 Nbd7
9.Ng3 Ne5 10.Be2 O-O 11.O-O b5 12.Be3 Bd7 13.Rb1 Ba5 14.Qc1 Kh8 15.h3 Re8
16.Nh1 c4 17.g4 b4 18.Nd1 Rc8 19.Ng3 Nd3 20.Bxd3 cxd3 21.Qd2 b3 22.Nc3 bxa2
23.Ra1 Nxd5 24.exd5 Rxe3 25.Kg2 Qb6 26.Rxa2 Rce8 27.Rf2 Bb4 28.Qd1 Bb5 29.Nf5 Re2
30.Qb3 Qxf2+  0-1

[Event "ch-ROU Men"]
[Site "Sarata Monteoru ROU"]
[Date "2011.02.19"]
[Round "10.6"]
[White "Stanciu,Al"]
[Black "Berescu,A"]
[Result "0-1"]
[WhiteElo "2297"]
[BlackElo "2476"]

1.d4 e6 2.c4 Nf6 3.Nc3 Bb4 4.f3 c5 5.d5 O-O 6.e4 Re8 7.Ne2 d6 8.Ng3 exd5
9.cxd5 Nbd7 10.Be2 Ne5 11.O-O Bd7 12.Kh1 a6 13.f4 Ng6 14.f5 Nf8 15.Bg5 h6
16.Bh4 N8h7 17.e5 Bxc3 18.e6 Bd4 19.Bh5 Re7 20.Bxf7+ Rxf7 21.exf7+ Kxf7 22.Qf3 Qa5
23.Rae1 Qxa2 24.b3 Bb5 25.Ne2 Be5 26.Nc1 Qd2 27.Rd1 Qb4 28.Be1 Qg4 29.Qxg4 Nxg4
30.Rf3 Ng5  0-1

[Event "27th Open"]
[Site "Cappelle la Grande FRA"]
[Date "2011.02.28"]
[Round "4.58"]
[White "Brunner,N"]
[Black "Bacon,N"]
[Result "1-0"]
[WhiteElo "2478"]
[BlackElo "2165"]

1.d4 Nf6 2.c4 e6 3.Nc3 Bb4 4.f3 c5 5.d5 b5 6.e4 O-O 7.cxb5 exd5 8.exd5 d6
9.Bc4 Nbd7 10.Ne2 Bxc3+ 11.Nxc3 Nb6 12.b3 Re8+ 13.Kf2 a6 14.Bb2 Bb7 15.Qd2 Nfd7
16.Qf4 Ne5 17.Rhd1 Qd7 18.Bf1 Ng6 19.Qg3 f5 20.f4 a5 21.h4 a4 22.h5 a3 23.hxg6 axb2
24.gxh7+ Kh8 25.Rab1 Qf7 26.Rxb2 Nxd5 27.Nxd5 Bxd5 28.Rbd2 Be4 29.Rxd6 Rxa2+
30.Kg1 Ra7 31.Bc4 Qh5 32.Rd7 Re7 33.Rd8+ Re8 34.Qg5  1-0

[Event "1st Donetsk Masters"]
[Site "Donetsk UKR"]
[Date "2011.03.01"]
[Round "7"]
[White "Mamedov,Ru"]
[Black "Budnikov,O"]
[Result "0-1"]
[WhiteElo "2218"]
[BlackElo "2442"]

1.d4 Nf6 2.c4 e6 3.Nc3 Bb4 4.f3 d5 5.a3 Bxc3+ 6.bxc3 c5 7.cxd5 Nxd5 8.dxc5 Qa5
9.e4 Nc7 10.Qd4 f6 11.Bd2 e5 12.Qb4 Nc6 13.Qxa5 Nxa5 14.Rb1 O-O 15.Nh3 Rb8
16.Nf2 Be6 17.Bd3 Rfd8 18.Ke2 Nc4 19.Bc1 Na6 20.Rb5 Rdc8 21.Nd1 Nxc5 22.Bc2 Nd6
23.Rb1 Bc4+ 24.Kf2 Bd3 25.Bb3+ Kf8 26.Rb2 Bb5 27.Bc2 Ba4 28.Ne3 Bxc2 29.Rxc2 Nb5
30.Nd5 Nd3+ 31.Ke2 Nxc1+ 32.Rhxc1 Nxa3 33.Ra2 Nb5 34.Ke3 a6 35.f4 exf4+ 36.Kxf4 Re8
37.g4 Rbc8 38.Ra4 Rc5 39.h4 Nd6 40.Rd1 Nc4 41.Rd4 Ne5 42.g5 fxg5+ 43.hxg5 a5
44.Ra1 Kg8 45.Rb1 b5 46.Nb6 Rxc3  0-1

[Event "Ariston Tournament"]
[Site "Satu Mare ROU"]
[Date "2011.03.01"]
[Round "7.3"]
[White "Posedaru,B"]
[Black "Luca,Ionel"]
[Result "1-0"]
[WhiteElo "2322"]
[BlackElo "2160"]

1.d4 Nf6 2.c4 e6 3.Nc3 Bb4 4.f3 c5 5.a3 Bxc3+ 6.bxc3 Nc6 7.e4 d6 8.Be3 Qa5
9.Qd2 O-O 10.Bd3 e5 11.d5 Ne7 12.Bg5 Ng6 13.Bxf6 gxf6 14.Ne2 b5 15.cxb5 c4
16.Bxc4 Bd7 17.O-O Rfc8 18.Bd3 Bxb5 19.Bxb5 Qxb5 20.Ng3 Nf4 21.Nf5 Rab8 22.Ne7+ Kf8
23.Nxc8 Rxc8 24.Kh1 Kg7 25.g3 Nd3 26.Rab1 Qc4 27.Rfd1 Nc5 28.Rb4 Qa6 29.a4 Rc7
30.Kg2 Qc8 31.Rc1 Na6 32.Rbb1 Nc5 33.a5 Rb7 34.Rxb7 Qxb7 35.c4 Qb3 36.Qc3 Qa2+
37.Rc2 Qb1 38.Qb2 Qe1 39.Rc1 Qe3 40.Rd1 a6 41.Qd2 Qa3 42.Rb1 Qa4 43.Rb6  1-0

[Event "TCh-CAT Div Hon"]
[Site "Barcelona ESP"]
[Date "2011.03.05"]
[Round "6"]
[White "Shatko,D"]
[Black "Ayas Fernandez,A"]
[Result "0-1"]
[WhiteElo "2049"]
[BlackElo "2343"]

1.d4 Nf6 2.c4 e6 3.Nc3 Bb4 4.f3 d5 5.a3 Bxc3+ 6.bxc3 c5 7.cxd5 Nxd5 8.dxc5 f5
9.e3 Qa5 10.Kf2 f4 11.e4 Qxc3 12.exd5 Qxa1 13.Bb5+ Bd7 14.Bxd7+ Nxd7 15.Ne2 Nxc5
16.Qc2 Rc8 17.dxe6 O-O 18.e7 Rfe8 19.Rd1 Qe5 20.Nxf4 Qxe7 21.Qc4+ Qf7 22.Qb5 Ne4+
23.fxe4 Rxc1 24.Qxe8+ Qxe8 25.Rxc1 Qxe4 26.Ne2 Qf5+ 27.Ke1 b5 28.Rc7 a5 29.Rb7 Qd5
30.Rb8+ Kf7 31.g3 b4 32.axb4 axb4 33.h4 b3 34.Kf2 h5 35.Ke1 Qc4 36.Rb7+ Kg8  0-1

[Event "ch-PriFO A"]
[Site "Tolyatti RUS"]
[Date "2011.03.10"]
[Round "1.22"]
[White "Nikolaeva,A1"]
[Black "Sidorov,A"]
[Result "1/2-1/2"]
[WhiteElo "2192"]
[BlackElo "2358"]

1.d4 Nf6 2.c4 e6 3.Nc3 Bb4 4.f3 c5 5.a3 Bxc3+ 6.bxc3 d6 7.e4 Nc6 8.d5 Na5
9.Bg5 b6 10.Bd3 h6 11.Bh4 e5 12.Ne2 Ba6 13.O-O g5 14.Bf2 Nh5 15.g3 Qd7 16.Kh1 O-O-O
17.f4 f6 18.Nc1 Ng7 19.fxe5 fxe5 20.Nb3 Nb7 21.Kg2 Rdf8 22.a4 Na5 23.Nxa5 bxa5
24.Be2 Kc7 25.Be3 Qe7 26.Rb1 Ne8 27.Qc2 Rxf1 28.Rxf1 Nf6 29.Rf5 Bc8 30.Rf1 Ba6
31.Rf5 Bc8 32.Rf1  1/2-1/2

[Event "TCh-SWE Elitserien 2010-11"]
[Site "Sweden SWE"]
[Date "2011.03.11"]
[Round "9"]
[White "Johansson,CF"]
[Black "Johansson,Linus"]
[Result "0-1"]
[WhiteElo "2221"]
[BlackElo "1966"]

1.d4 Nf6 2.c4 e6 3.Nc3 Bb4 4.f3 d5 5.a3 Bxc3+ 6.bxc3 O-O 7.e3 c5 8.cxd5 Nxd5
9.Bd2 Nc6 10.f4 cxd4 11.exd4 Qc7 12.Nh3 Na5 13.Bd3 Nc4 14.Rc1 Bd7 15.O-O Rfc8
16.Rf3 g6 17.Qe2 Nxd2 18.Qxd2 Nxc3 19.Rff1 Qd6 20.Qf2 Qxa3 21.Ra1 Qd6 22.f5 exf5
23.Qh4 h6 24.Rf3 Ne4 25.Re1 Qxd4+ 26.Kh1 Re8 27.Ref1 Kg7 28.Nf4 Qf6 29.Qe1 Bc6
30.Qb4 a5 31.Qb6 Ng5  0-1

[Event "Elitzur Winter GM"]
[Site "Petach Tikva ISR"]
[Date "2011.03.13"]
[Round "8"]
[White "Baron,Ta"]
[Black "Gerzhoy,L"]
[Result "1-0"]
[WhiteElo "2468"]
[BlackElo "2497"]

1.d4 Nf6 2.c4 e6 3.Nc3 Bb4 4.f3 d5 5.a3 Bxc3+ 6.bxc3 c5 7.cxd5 Nxd5 8.dxc5 Qa5
9.e4 Nf6 10.Be3 O-O 11.Kf2 Nfd7 12.Rb1 Rd8 13.Qb3 Qc7 14.Rd1 b6 15.cxb6 axb6
16.Bb5 Ba6 17.a4 Nc6 18.Bg5 Rdc8 19.Ne2 Nc5 20.Qc2 Bxb5 21.axb5 Na5 22.Rd4 Ncb7
23.Qd3 Nc4 24.Rb1 Ra2 25.Kf1 Na3 26.Rd1 h6 27.Rd7 Qxh2 28.Bf4 Qh1+ 29.Kf2 Nc5
30.Rxh1 Nxd3+ 31.Rxd3 Nxb5 32.Bc1 Na3 33.Rd2 Rxd2 34.Bxd2 b5 35.Nd4 Nc4 36.Ke2 Rd8
37.Be1 Ra8  1-0

[Event "ch-Moscow S/F 2011"]
[Site "Moscow RUS"]
[Date "2011.03.15"]
[Round "2"]
[White "Yudkevich,M"]
[Black "Krivenko,S"]
[Result "0-1"]
[WhiteElo "2155"]
[BlackElo "2339"]

1.d4 Nf6 2.c4 e6 3.Nc3 Bb4 4.f3 O-O 5.a3 Bxc3+ 6.bxc3 c5 7.e4 d6 8.Bd3 Nc6
9.Ne2 Nd7 10.Be3 Qc7 11.O-O Na5 12.Qa4 b6 13.f4 Ba6 14.e5 Rac8 15.Ng3 f5
16.exf6 Nxf6 17.f5 cxd4 18.cxd4 Bxc4 19.Rac1 b5 20.Bxc4 bxa4 21.Bxe6+ Kh8
22.Bxc8 Qb6 23.Kh1 Ng4 24.Bg1 d5 25.Be6 Nf6 26.Ne2 Nb3 27.Rc3 Qa6 28.Rc2 Qd3
29.Rb2 Rd8 30.Rf3 Qd1 31.Nc3 Qc1 32.Nxa4 Nxd4 33.Rc3 Qd1  0-1

[Event "ch-PriFO A"]
[Site "Tolyatti RUS"]
[Date "2011.03.16"]
[Round "7.24"]
[White "Nikolaeva,A1"]
[Black "Zuykov,A1"]
[Result "1/2-1/2"]
[WhiteElo "2192"]
[BlackElo "2270"]

1.d4 Nf6 2.c4 e6 3.Nc3 Bb4 4.f3 c5 5.d5 exd5 6.cxd5 O-O 7.e4 d6 8.Ne2 Re8
9.a3 Ba5 10.Ng3 a6 11.Be2 Nbd7 12.O-O Nf8 13.Qc2 b5 14.a4 c4 15.axb5 axb5
16.Be3 Bd7 17.Kh1 Ng6 18.Bd4 Nf4 19.Rfc1 Qe7 20.Bf1 Rec8 21.Nd1 N6h5 22.Nxh5 Nxh5
23.Qf2 Bb4 24.g3 Nf6 25.Bg2 Be8 26.Ne3 g6 27.Nc2 Ba5 28.Qe3 Nd7 29.Bh3 Rd8
30.Bxd7 Bxd7 31.g4 f6 32.Rxa5 Rxa5 33.Qc3 Rda8 34.Bxf6 Qf7 35.g5 R5a6 36.f4 Bg4
37.Kg2 Be2 38.Qe3 Bd3 39.Bc3 Qa7 40.Bd4 Qe7 41.e5 dxe5 42.Bxe5 Bxc2 43.Rxc2 Qd7
44.Qf3 Ra1 45.d6 R8a7 46.Qd5+ Kf8 47.h3 Qb7 48.Rd2 Qxd5+ 49.Rxd5 Ke8 50.Rxb5 Kd7
51.h4 Rd1 52.Rb4 Rc1 53.h5 Ke6 54.h6 Kd5 55.Kf3 Rf1+ 56.Ke2 Rh1 57.Rb5+ Kc6
58.Rb8 Kd5 59.Rc8 Rh2+ 60.Kf3 Rb7 61.Bc3 Kxd6 62.Rxc4 Kd5 63.Rc8 Rf7 64.Be5 Rh3+
65.Kg4 Rb3 66.Rd8+ Ke4 67.Rd4+  1/2-1/2

[Event "ch-Moscow S/F 2011"]
[Site "Moscow RUS"]
[Date "2011.03.20"]
[Round "5"]
[White "Yudkevich,M"]
[Black "Yudin,I"]
[Result "0-1"]
[WhiteElo "2155"]
[BlackElo "2275"]

1.d4 Nf6 2.c4 e6 3.Nc3 Bb4 4.f3 O-O 5.a3 Bxc3+ 6.bxc3 Nc6 7.Bg5 d6 8.Nh3 e5
9.Nf2 h6 10.Bh4 g5 11.Bg3 Nh5 12.d5 Ne7 13.e4 b6 14.Bd3 Ng6 15.Ng4 Bxg4 16.fxg4 Nhf4
17.Bf1 Re8 18.Bf2 Nf8 19.g3 N4g6 20.h4 Nd7 21.Be3 Kg7 22.hxg5 hxg5 23.Rh5 f6
24.Ra2 Nc5 25.Qf3 Rh8 26.Rah2 Qd7 27.Be2 Qa4 28.Qh1 Rxh5 29.gxh5 Ne7 30.h6+ Kh7
31.Qf3 Rf8 32.Bxg5 Qc2 33.Bd2 Qb1+ 34.Bd1 Rf7 35.g4 Ng6 36.Qf5 Nd3+ 37.Ke2 Nc1+
38.Ke1 Nd3+ 39.Ke2 Nb2 40.Bb3 Qd3+ 41.Ke1 Qg3+  0-1

[Event "FIDE Zonal 3.5 w 2011"]
[Site "Tianjin CHN"]
[Date "2011.03.21"]
[Round "2"]
[White "Wang Doudou"]
[Black "Shen Yang"]
[Result "0-1"]
[WhiteElo "2182"]
[BlackElo "2443"]

1.d4 Nf6 2.c4 e6 3.Nc3 Bb4 4.f3 d5 5.a3 Bxc3+ 6.bxc3 O-O 7.cxd5 exd5 8.e3 b6
9.Bd3 c5 10.Ne2 Re8 11.O-O Ba6 12.Bxa6 Nxa6 13.Ng3 Qd7 14.a4 Rad8 15.Qd3 Nb8
16.Ba3 c4 17.Qd2 h5 18.Rfe1 h4 19.Nh1 Nc6 20.Qc2 Na5 21.Nf2 Nb3 22.Ra2 Rc8
23.Bc1 Rc6 24.e4 h3 25.e5 hxg2 26.Be3 Nh7 27.f4 f5 28.Kxg2 Rg6+ 29.Kh1 Rh6
30.Qe2 Ree6 31.Qf3 Rh4 32.Rg1 Qf7 33.Nd1 Reh6 34.Rag2 Kf8 35.Qe2 Rh3 36.Nf2 R3h5
37.Nd1 Qe6 38.Qb2 Ke8 39.Rf1 Nf8 40.Rf3 Qd7 41.Rfg3 Ne6 42.Qa3 Rh7 43.Qa2 g5
44.Rf3 g4 45.Rfg3 Rh4 46.Qc2 Ng7 47.Re2 Qe6 48.Rgg2 Nh5 49.Kg1 g3 50.hxg3 Rh1+
51.Kf2 Qf7 52.Re1 Nxg3 53.Rxh1 Nxh1+ 54.Kf1 Rh3 55.Rg5 Ng3+ 56.Kg2 Qh7 57.Nf2 Nf1
58.Kxf1 Rxe3 59.Qxf5 Nd2+ 60.Kg2 Qxf5 61.Rxf5 Rxc3 62.e6 Rc2 63.Kg3 c3 64.Re5 Nc4
65.Re1 Nd6 66.Ng4 Ne4+ 67.Kf3 Rd2 68.f5 c2 69.Ne3 Rf2+ 70.Kg4 Re2 71.Nxc2 Rxc2
72.Kf4 Ke7 73.Rg1 Kd6 74.Rf1 Rg2 75.Ke3 Nf6 76.Rf3 Rg4 77.Rf1 Re4+ 78.Kd3 Rg4
79.Ke3 Ke7 80.Rc1 Ne8 81.a5 Nd6 82.Rc7+ Kf6 83.Rxa7 bxa5 84.Kf3 Rxd4 85.e7 a4
86.Ra6 Kxe7 87.f6+ Kd7 88.Ra7+ Ke6 89.Ra6 Ke5  0-1

[Event "Kiev Spring 2011"]
[Site "Kiev UKR"]
[Date "2011.03.22"]
[Round "5.4"]
[White "Melnichenko,A"]
[Black "Skliarov,V"]
[Result "1/2-1/2"]
[WhiteElo "2282"]
[BlackElo "2187"]

1.d4 Nf6 2.c4 e6 3.Nc3 Bb4 4.f3 c5 5.d5 b5 6.e4 bxc4 7.Bxc4 Nxd5 8.Bxd5 exd5
9.Qxd5 Nc6 10.Be3 Rb8 11.Ne2 Ba6 12.Bxc5 Bxe2 13.Bxb4 Rxb4 14.Nxe2 Rxb2 15.Qc5 Qb8
16.Kf2 Rb5 17.Qa3 Qb6+ 18.Qe3 Qb7 19.Rhd1 O-O 20.Rd2 Ne5  1/2-1/2

[Event "ch-URU"]
[Site "Montevideo URU"]
[Date "2011.03.27"]
[Round "4"]
[White "Guerrero,Alv"]
[Black "Arean,Martin"]
[Result "1-0"]
[WhiteElo "2216"]
[BlackElo "1982"]

1.d4 Nf6 2.c4 e6 3.Nc3 Bb4 4.f3 c5 5.d5 b5 6.e4 bxc4 7.Bxc4 exd5 8.Bxd5 Nxd5
9.Qxd5 Nc6 10.Ne2 Ba6 11.Kf2 O-O 12.Rb1 Re8 13.Bf4 Qb6 14.a3 Bxc3 15.Nxc3 d6
16.Rhd1 Rad8 17.Kg1 c4+ 18.Kh1 Ne5 19.Qd4 Nd3 20.Qxb6 axb6 21.Be3 d5 22.Bxb6 d4
23.Nd5 Nf2+ 24.Kg1 Nxd1 25.Rxd1 Rb8 26.Bxd4 Bb5 27.Kf2 Bc6 28.Ne3 Ba4 29.Rd2 Rbc8
30.Nf5 Rcd8 31.Ke3 f6 32.h4 Kf7 33.g4 Rd7 34.g5 Rb8 35.gxf6 Rb3+ 36.Bc3 Rxd2
37.Kxd2 gxf6 38.Nd6+ Ke6 39.Nxc4 Rb8 40.Ke3 Bb5 41.Nd2 Rd8 42.Nb3 Rd1 43.Nd4+  1-0

[Event "TCh-NOR Attack-serien 2010-11"]
[Site "Oslo NOR"]
[Date "2011.04.02"]
[Round "8"]
[White "Byklum,B"]
[Black "Ninov,N"]
[Result "1-0"]
[WhiteElo "2263"]
[BlackElo "2533"]

1.d4 Nf6 2.c4 e6 3.Nc3 Bb4 4.f3 Nc6 5.e4 d5 6.cxd5 exd5 7.e5 Ng8 8.f4 Nh6
9.Nf3 Bg4 10.Be3 Nf5 11.Bf2 Bxf3 12.gxf3 O-O 13.Qd3 g6 14.O-O-O Bxc3 15.Qxc3 Nce7
16.Kb1 a5 17.Rc1 c6 18.Rg1 Qc7 19.Bd3 f6 20.Qd2 Rf7 21.Rce1 Raf8 22.Bc2 fxe5
23.fxe5 Ng7 24.Bd1 Nef5 25.Rg4 Ne6 26.h4 Rg7 27.Bc2 b6 28.Reg1 Qe7 29.a3 Rff7
30.Ba4 Qa7 31.Bxc6 Ne7 32.Ba4 Rxf3 33.h5 g5 34.h6 Rg6 35.Be3 Qa6 36.Ka2 Nf5
37.Bxg5 Nxg5 38.Rxg5 Qc4+ 39.b3 Qxd4 40.Qxd4 Nxd4 41.Rxg6+ hxg6 42.Rxg6+ Kh7
43.Rxb6 Re3 44.Ra6 Rxe5 45.Kb2 Re2+ 46.Kc3 Nf3 47.Kd3 Re4 48.Rxa5 Ne1+ 49.Kd2 Nf3+
50.Kc2 d4 51.Bb5 Kxh6 52.Bc4 Ne5 53.Rd5 Nxc4 54.bxc4 Kg6 55.Kd3 Re3+ 56.Kxd4 Rxa3
57.Re5 Kf6 58.Re1 Ra7 59.Kd5  1-0

[Event "Telin International Open"]
[Site "Jakarta INA"]
[Date "2011.04.06"]
[Round "8.27"]
[White "Khairul,A"]
[Black "Abubakar,N"]
[Result "0-1"]
[WhiteElo "2319"]
[BlackElo "2167"]

1.d4 Nf6 2.c4 e6 3.Nc3 Bb4 4.f3 Bxc3+ 5.bxc3 d6 6.e4 Nc6 7.Bd3 e5 8.Be3 Nd7
9.f4 Qf6 10.Ne2 Qh4+ 11.g3 Qh3 12.Qd2 f6 13.Ng1 Qh5 14.Qe2 Qxe2+ 15.Kxe2 b6
16.Nf3 Ba6 17.Nd2 Na5 18.f5 O-O-O 19.g4 Rhe8 20.h4 Re7 21.Rhg1 exd4 22.cxd4 Rde8
23.g5 c5 24.d5 Ne5 25.Rac1 Nxd3 26.Kxd3 b5 27.cxb5 Bxb5+ 28.Kc3 Nc4 29.Nxc4 Bxc4
30.Kxc4 Rxe4+ 31.Kb5 Rb4+  0-1